Normal view
MARC view
Entry Geographic Name
001 - CONTROL NUMBER
- control field: 51955
003 - CONTROL NUMBER IDENTIFIER
- control field: dpl
005 - DATE AND TIME OF LATEST TRANSACTION
- control field: 20120903122827.0
008 - FIXED-LENGTH DATA ELEMENTS
- fixed length control field: 120903|||a|||||| | ||| d
040 ## - CATALOGING SOURCE
- Original cataloging agency: dpl
- Transcribing agency: dpl
151 ## - HEADING--GEOGRAPHIC NAME
- Geographic name: Bikaner (Princely State)
- General subdivision: History.
670 ## - SOURCE DATA FOUND
- Source citation: Work cat.: (dpl)0: Rajyashree Kumari, 51953, The Maharajas of Bikaner /, 2012.
670 ## - SOURCE DATA FOUND
- Source citation: Work cat.: (dpl)0: Rajyashree Kumari, 51953, The Maharajas of Bikaner /, 2012.
